| 000 | 01476nam a2200253Ia 4500 | ||
|---|---|---|---|
| 005 | 20161205142336.0 | ||
| 008 | 130821s2001 ck a gr spa | ||
| 022 | _a01232401 | ||
| 040 |
_aCo-BoUCM _bspa _cDavid Avila (modificó) _dDavid Avila (modificó) |
||
| 041 | 0 | 0 | _aspa |
| 111 | 1 |
_aSeminario identificación, manejo y resolución de conflictos ambientales ( _d2001 _cBogotá) _982524 |
|
| 245 | 1 | 0 |
_aProyecto capacitación para profesionales del sector ambiental _cMinisterio del Medio Ambiente, ICFES _bUna aproximación teórica y práctica a la identificación, manejo y resolución de conflictos ambientales |
| 260 |
_aBogotá (Colombia) _bMinisterio del Medio Ambiente, ICFES. _c2001 |
||
| 300 |
_a236 páginas _bilustraciones, tablas, cuadros |
||
| 490 | 0 | _aProyecto Capacitación para Profesionales del Sector Ambiental | |
| 650 | 0 | 4 |
_aGestión ambiental _zColombia _vCongresos, conferencias, etc. _916402 |
| 650 | 0 | 4 |
_aMedio ambiente _919225 |
| 650 | 0 | 4 |
_aMedio ambiente _zColombia _vCongresos, conferencias, etc. _919225 |
| 650 | 0 | 4 |
_aSolución de conflictos _xAspectos ambientales _zColombia _vCongresos, conferencias, etc. _924842 |
| 710 |
_aColombia. _bMinisterio del Medio Ambiente _94053 |
||
| 710 |
_aInstituto Colombiano para el Fomento de la Educación Superior. ICFES _964879 |
||
| 710 |
_aUniversidad Colegio Mayor de Nuestra Señora del Rosari. _bFacultad de Educación Continuada _982525 |
||
| 942 |
_cLIBROUR _2DEWEY _a7 _e1 _h333.72 _mS35a |
||
| 999 |
_c43454 _d43454 |
||